000 00281nam a2200097Ia 4500
008 220203s9999 xx 000 0 und d
245 0 _aRubber Technology Division
260 _bRubber Research Institute of India
_aKottayam
_c2012
650 _aLatex Harvesting Technology
942 _cPN
999 _c45177
_d45177